| 000 -LEADER |
| fixed length control field |
00681cam a22002057a 4500 |
| 001 - CONTROL NUMBER |
| control field |
20795 |
| 003 - CONTROL NUMBER IDENTIFIER |
| control field |
BD-DhUAP |
| 005 - DATE AND TIME OF LATEST TRANSACTION |
| control field |
20200229145337.0 |
| 008 - FIXED-LENGTH DATA ELEMENTS--GENERAL INFORMATION |
| fixed length control field |
200229s2014 enkae b 001 0deng d |
| 035 ## - SYSTEM CONTROL NUMBER |
| System control number |
(OCoLC)ocn770625745 |
| 040 ## - CATALOGING SOURCE |
| Original cataloging agency |
TOH |
| Transcribing agency |
TOH |
| Modifying agency |
BDX |
| -- |
NZGPL |
| -- |
CDX |
| -- |
BTCTA |
| -- |
YDXCP |
| -- |
ERASA |
| -- |
SFMMA |
| -- |
YNK |
| -- |
BWX |
| -- |
CAD |
| -- |
OUN |
| -- |
CGU |
| -- |
WAU |
| -- |
BD-DhUAP |
| Language of cataloging |
Eng |
| 082 04 - DEWEY DECIMAL CLASSIFICATION NUMBER |
| Classification number |
779.40922 RED |
| Edition number |
23 |
| 100 ## - MAIN ENTRY--PERSONAL NAME |
| Personal name |
Redstone, Elias. |
| 245 00 - TITLE STATEMENT |
| Title |
Shooting space : |
| Remainder of title |
architecture in contemporary photography / |
| Statement of responsibility, etc. |
Elias Redstone. |
| 260 ## - PUBLICATION, DISTRIBUTION, ETC. |
| Place of publication, distribution, etc. |
London : |
| Name of publisher, distributor, etc. |
Phaidon, |
| Date of publication, distribution, etc. |
c2014. |
| 300 ## - PHYSICAL DESCRIPTION |
| Extent |
239 pages : |
| Other physical details |
illustrations ; |
| Dimensions |
30 cm. |
| 650 ## - SUBJECT ADDED ENTRY--TOPICAL TERM |
| Topical term or geographic name entry element |
Photographers. |
| 650 ## - SUBJECT ADDED ENTRY--TOPICAL TERM |
| Topical term or geographic name entry element |
Architectural photography. |
| 942 ## - ADDED ENTRY ELEMENTS (KOHA) |
| Source of classification or shelving scheme |
|
| Koha item type |
Book |